| 000 | 00781nam a2200181 a 4500 | ||
|---|---|---|---|
| 001 | 6961 | ||
| 003 | CO-ViMGA | ||
| 008 | 141112s2004 ck r 000 u spa d | ||
| 040 |
_aCO-ViMGA _bspa _cCO-ViMGA |
||
| 082 | 0 | 4 | _a348.046 C656jc |
| 100 | 1 |
_aColombia. Corte Suprema de Justicia _95979 |
|
| 245 | 1 | 0 | _aJurisprudencia civil y comercial |
| 260 |
_aBogotá : _bUniversidad Externado de Colombia, _c1983 |
||
| 300 | _a9 v | ||
| 500 | _aContenido : v.1, Primer semestre 1987; v.2, Segundo semestre 1987; v.3, Segundo semestre 1993; v.4, Enero, febrero, marzo 1994; v.5, Abril, mayo, junio 1994; v.6, Primer semestre 1994; v.7, Segundo semestre 1994; v.8, Segundo semestre 1995; v.9, Primer semestre 1996. | ||
| 650 | 1 | 4 |
_aJURISPRUDENCIA CIVIL - REPERTORIOS _95980 |
| 942 |
_2ddc _cBK |
||
| 999 |
_c18928 _d18928 |
||